000 00301nam a22001457a 4500
008 210303b ||||| |||| 00| 0 eng d
020 _a9781133359340
041 _aeng
080 _a510
082 _a510
100 _a36
101 _aMAT
245 _aPrecalculus
_cStewart, J
942 _2udc
_cBK
999 _c55702
_d55702